Регионална библиотека "Любен Каравелов" - Русе

Иберийски разкази (Запис номер 537694)

MARC детайли
000 -Лидер
Контролно поле с фиксирана дължина 01078nam a2200277 c 4500
003 - Код на организацията, давaща контролен номер
Контролно поле BLK
005 - Дата и час на последна редакция
Контролно поле 20250716092338.0
008 - Елементи от данни с фиксирана дължина
fixed length control field 180408b bul|||||r ||||||| ||bul||
020 ## - Международен стандартен номер на книга ISBN
Международен стандартен номер на книга ISBN 9786190019268
040 ## - Източник на каталожния запис
Идентификатор на билиотеката - собственик на записа BLK
041 ## - Код за език
Код за езика на текст/звукозапис или на отделно заглавие Български
Код за езика КДБФ Български
080 ## - УДК
Текстов определител УДК Българска литература
УДК код - определител по УДК 821.163.2
УДК определител -32
УДК - код + определител 821.163.2-32
100 ## - Редна дума - Автор
Автор Георгиев, Лъчезар Георгиев
Дати, свързани с автора 1956-
Автор - информация (биография) Филолог, автор на проза
R(LIN) 368754
139 ## - Редно поле
Редна дума Георгиев, Лъчезар Георгиев
Авторски знак Георгиев - Г 37
245 10 - Сведения за заглавието
Заглавие Иберийски разкази
Редно поле (дума) Лъчезар Георгиев Георгиев.
246 11 - Различни форми на заглавието
Паралелно заглавие Short Stories
257 ## - Страна на издаване
Страна на създаване/издаване България
260 ## - Област на издателските данни
Име на издателя, разпространителя и проч. Фабер
Година на издаване 2025
Място на издаване, разпространение и проч. В. Търново
300 ## - Физическа характеристика
Страници 208 с.
Размери/Мащаб 21 см
380 ## - Жанр
Жанр Худож. лит.
500 ## - Общи забележки
Забележка Загл. и на англ. ез.: Iberian stories<br/>Биогр. данни за авт. отбелязани на гърба на кор.
856 4# - Електронен адрес и достъп
Електронен формат pdf - файл
856 4# - Електронен адрес и достъп
Електронен формат pdf - файл
942 ## - АРТИКУЛИ
Вид на библиотечния материал Книги
Скрит в OPAC Не
Koha issues (borrowed), all copies 4
999 ## - СИСТЕМНИ КОНТРОЛНИ НОМЕРА
Koha biblionumber 537694
Koha biblioitemnumber 537694
944 ## - СЪЗДАВАНЕ И РЕДАКЦИЯ на ЗАПИСА
Създаване/Редакция
Дата на регистрацията/редакция Нора Радева
Служител, извършил регистрацията/редакцията 30576
Статус, дата на статуса Цветомила Тодорова
Наличности
Код за отписване Код за изгубен артикул Източник на класификационната схема Код за повреда Код за отдаване Артикулен № Име на библиотеката - собственик Име на библиотеката, в която се намира в момента Статус (Текущо местоположение) Дата на вписване в системата Местоположение - отдел Цена в лева Инвентарен номер Систематично азбучна сигнатура Баркод Цена в евро Служебен тип на артикула
  Не е изгубен Universal Decimal Classification Не е повреден заемане за дома 974425 Регионална библиотека "Любен Каравелов" Русе Регионална библиотека "Любен Каравелов" Русе Заемна - подръчен фонд 2025-06-04 Заемна - подръчен фонд 12.00 120000919956 821.163.2-32/Г 37 Л 120000919956 6.14 Книги
Vip Innovations Ltd, Rousse, Bulgaria 2025